00613cam a22001694a 450000500170000000800410001702000180005804000130007608200110008910000180010024500730011826000470019130000600023850400660029861000400036465100390040420170105102341.0080509s2008 pk abf b 001 0 eng  a9780195476606 aDLCcDLC 2954.911 aNawaz, Shuja.10aCrossed swords: Pakistan its army and the wars within cShuja Nawaz. aKarachi :bOxford University Press,c2008. axliv, 655 p., [10] p. of plates :bill., maps ;c25 cm. aIncludes bibliographical references (p. [608]-619) and index.10aPakistanbArmyxPolitical activity. 0aPakistanxPolitics and government.